书目信息 |
| 题名: |
金史
|
|
| 作者: | 脱脱 撰 | |
| 分册: | 三 | |
| 出版信息: | 北京 中华书局 1975.07 |
|
| 页数: | 669-1026页 | |
| 开本: | 21cm | |
| 丛书名: | ||
| 单 册: | ||
| 中图分类: | K246.4 | |
| 科图分类: | ||
| 主题词: | 中国--历史 | |
| 电子资源: | ||
| ISBN: | ||
| 000 | 00560nam0 2200193 45 | |
| 001 | 0312221749 | |
| 005 | 20060812105609.84 | |
| 010 | @dCNY8.80 | |
| 091 | @a11018.648 | |
| 100 | @a20031222d1975 km y0chiy0120 ea | |
| 101 | @achi | |
| 200 | 1 | @a金史@h三@AJin Shi@f(元)脱脱等撰@F(Yuan)Tuo Tuo Deng Zhuan@e卷二七至卷四五(志) |
| 210 | @a北京@c中华书局@d1975.07 | |
| 215 | @a669-1026页@d21cm | |
| 606 | 0 | @a中国@x历史 |
| 690 | @aK246.4@v3 | |
| 701 | 0 | @a脱脱@4撰 |
| 801 | @aCN@bTSTCL@c20060812 | |
| 905 | @dK246.4@e2:3@f2@b103369-370@b109091@f1@b77591@f1@b179670@f1 | |
| 金史.三/(元)脱脱等撰:卷二七至卷四五(志).-北京:中华书局,1975.07 |
| 669-1026页;21cm |
| ISBN :CNY8.80 |
| ● |
| 相关链接 |
|
|
|
|
正题名:金史
索取号:K246.4/2:3
 
预约/预借
| 序号 | 登录号 | 条形码 | 馆藏地/架位号 | 状态 | 备注 |
| 1 | 0033002 | 001313420 | 密集书库/ [索取号:K246.4/2:3] | 在馆 | |
| 2 | 0052913 | 001313377 | 第二借阅区/ [索取号:K246.4/2:3] | 在馆 | |
| 3 | 0077591 | 000643664 | 第二借阅区/ [索取号:K246.4/2:3] | 在馆 | |
| 4 | 0077592 | 000643539 | 第二样本阅览室/ [索取号:K246.4/2:3] | 在馆 | |
| 5 | 0103369 | 000643548 | 第二借阅区/ [索取号:K246.4/2:3] | 在馆 | |
| 6 | 0103370 | 000643655 | 第二借阅区/ [索取号:K246.4/2:3] | 在馆 | |
| 7 | 0109091 | 000643557 | 第二借阅区/ [索取号:K246.4/2:3] | 在馆 | |
| 8 | 0109092 | 001673790 | 密集书库/ [索取号:K246.4/2:3] | 在馆 | |
| 9 | 0179670 | 000643414 | 第二借阅区/ [索取号:K246.4/2:3] | 在馆 | |
| 10 | 0455911 | 204559110 | 密集书库/ [索取号:K246.4/2:3] | 在馆 |